[Event "Arab-chT Clubs"]
[Site "Taiz"]
[Date "2004.05.15"]
[Round "1"]
[White "Tiviakov, Sergei"]
[Black "Komliakov, Viktor"]
[Result "1-0"]
[WhiteElo "2593"]
[BlackElo "2435"]
[Annotator "Tiviakov,S"]
[PlyCount "85"]
[EventDate "2004.05.15"]
[EventType "team"]
[EventRounds "9"]
[EventCountry "YEM"]
[SourceTitle "CBM 101"]
[Source "ChessBase"]
[SourceDate "2004.07.27"]
[SourceVersion "1"]
[SourceVersionDate "2004.07.27"]
[SourceQuality "1"]

1. e4 g6 2. d4 Bg7 3. c3 d6 4. Nf3 Nf6 5. Bd3 O-O 6. O-O Nbd7 7. Bg5 h6 8. Bh4
e5 9. Nbd2 Qe8 10. Re1 Nh5 11. Nc4 $5 Bf6 (11... Nb6 12. Ne3 (12. dxe5 $146
Nxc4 (12... dxe5 13. Ne3 $14 {67/(138)} (13. Qc2 Nf4 14. Bf1 Nxc4 15. Bxc4 Be6
16. Qb3 Nd3 17. Re2 Nc5 18. Qb4 b6 19. Bxe6 Qxe6 20. h3 g5 21. Bg3 Rfd8 22. Nd2
Rd3 23. Qc4 Rad8 24. Qxe6 Nxe6 25. Nc4 f6 26. Kf1 h5 27. Ne3 h4 28. Bh2 Bf8 29.
g3 Kf7 30. Rae1 hxg3 31. fxg3 Nc5 32. Ng4 Rd2 33. Rf2 Rxf2+ 34. Nxf2 a5 35. Ke2
a4 36. Rd1 Bd6 37. Kf3 b5 38. h4 Rh8 39. Kg4 Kg6 40. Bg1 gxh4 41. gxh4 Nxe4 42.
Nxe4 f5+ 43. Kg3 fxe4 44. Kg4 Rf8 45. Be3 Rf3 46. Re1 b4 47. cxb4 Bxb4 48. h5+
Kh7 {1/2-1/2 Sharif,M-Nalbandian,T/Fajr 1992/EXT 2004 (48)})) 13. Bxc4 dxe5 14.
Nd2 (14. Qb3 Bf6 15. Bxf6 Nxf6 16. a4 a5 17. h3 Qe7 18. Rad1 Kg7 19. Rd2 Re8
20. Bb5 {1/2-1/2 Tiviakov - Chatalbashev, St. Vincent (Italy) 2002}) 14... Bf6
15. Bxf6 Nxf6 16. Qc2 Qe7 17. Rad1 Kg7 18. Nf1 h5 19. Ne3 c6 $11 20. Bf1 Be6
21. Bc4 Bc8 22. Bf1 h4 23. Nc4 h3 24. g3 Bg4 25. Be2 Rad8 26. Bxg4 Nxg4 27. Qe2
Nf6 28. Qe3 b5 29. Na5 Rxd1 30. Rxd1 Rd8 31. Rd3 c5 32. f3 Qc7 33. Rxd8 Qxd8
34. Nb7 Qd1+ 35. Kf2 Qh1 36. Ke2 Qxh2+ 37. Qf2 Qh1 38. Qf1 Nxe4 39. Qxh1 Nxg3+
40. Kf2 Nxh1+ 41. Kg1 Ng3 42. Nxc5 Ne2+ 43. Kh2 Nf4 44. Na6 f5 45. Nc7 e4 46.
fxe4 fxe4 47. Nxb5 e3 48. Nd4 e2 49. Nc2 Nd3 50. Kxh3 e1=Q 51. Nxe1 Nxe1 52. b4
Nd3 53. Kg4 Kf6 {0-1 Yakovich,Y-Akopian,V/Berlin 1996/CBM 54 ext/Inf 67/(138)})
12... Nf4 13. Bc2 $5 $14 {Akopian, 67/(138)} (13. Bf1 Be6 (13... Bd7 14. Bg3 (
14. dxe5 dxe5 15. Nd2 Be6 16. c4 f6 17. Qc2 Nd7 18. Nd5 Rc8 19. f3 c6 20. Nxf4
exf4 21. c5 Ne5 22. Bf2 Rd8 23. Nb3 Rf7 24. Rad1 Rfd7 25. Rxd7 Rxd7 26. Nd4 Bf8
27. Be2 h5 28. b3 Kh7 29. Rd1 Bf7 30. h4 Qd8 31. b4 a6 32. a3 Qc7 33. Qc1 Bh6
34. Qc3 Qd8 35. Kf1 Qg8 36. Rc1 Bg7 37. a4 Qd8 38. b5 axb5 39. axb5 cxb5 40.
Bxb5 Rc7 41. Ne2 Bh6 42. c6 Rxc6 43. Bxc6 bxc6 44. Bd4 Qe7 45. Ra1 Qe6 46. Ra7
Kg8 47. Qb4 Nxf3 48. gxf3 Qh3+ 49. Ke1 Qxf3 50. Qe7 {1-0 Tiviakov,S-Hartoch,R/
Dieren 2003/CBM 95 ext (50)}) 14... Nh5 15. dxe5 dxe5 16. b3 Nxg3 17. hxg3 Qe7
18. a4 a5 19. Qc2 Rfd8 20. Nd2 h5 21. Ndc4 Nxc4 22. Bxc4 c6 23. Rad1 Bh6 24.
Rd3 h4 25. gxh4 Qxh4 26. Red1 Be8 27. Qd2 Bg5 28. g3 Qh5 29. Qe1 Rxd3 30. Rxd3
Kg7 31. Qd1 Qxd1+ 32. Nxd1 Rd8 33. Nb2 Rxd3 34. Bxd3 Bd2 35. Nc4 Bxc3 36. Nd6
Bd7 37. Nxb7 Bb4 38. Bc4 Kf8 39. f4 f6 40. Nd8 Ke7 41. Nf7 exf4 42. gxf4 Bd2
43. Nh8 Be8 44. f5 gxf5 45. exf5 Bh5 46. Ng6+ Kd6 47. Nf8 Bc3 48. Ne6 Bg4 49.
Bd3 Bd1 50. Bc4 Bc2 51. Nf4 Bxf5 52. Nd3 Be4 53. Kf2 Bd4+ 54. Ke2 f5 55. Nf4
Be5 56. Nd3 Bg7 57. Ke3 Bh6+ 58. Kd4 c5+ 59. Kc3 Be3 60. Ne1 Bf2 61. Nd3 Bg3
62. Kd2 Bh4 63. Ke2 Bg5 64. Kf2 f4 65. Ne1 Bh4+ 66. Kf1 Bxe1 67. Kxe1 Bd5 {
0-1 Martinez Torho,J-Villavicencio Martinez,A/Las Palmas 1995/EXT 98 (67)}) 14.
dxe5 dxe5 15. a4 a5 16. Nd2 f6 17. Qc2 Qc6 18. f3 Rfd8 19. Bf2 Bf8 20. Bb5 Qd6
21. Red1 Qe7 {1/2-1/2 Rodriguez,O-Tal,M/Barcelona 54/(111) 1992})) (11... Nf4
12. Bf1 (12. Bc2 Nb6 13. Ne3 Be6 14. d5 Bc8 15. b4 a5 16. a3 Bd7 17. c4 axb4
18. axb4 Rxa1 19. Qxa1 Qa8 20. c5 Qxa1 21. Rxa1 Ra8 22. Rxa8+ Nxa8 23. Be7 Bf8
24. cxd6 cxd6 25. Bd8 Bb5 26. g3 Nd3 27. Bxd3 Bxd3 28. Nd2 f5 29. exf5 gxf5 30.
f4 exf4 31. gxf4 Kf7 32. Ndc4 Be7 33. Bxe7 Kxe7 34. Na5 b6 35. Nc6+ Kf6 36. Nd4
Nc7 37. Kf2 Be4 38. Kg3 {1/2-1/2 Giessmann,S-Stickler,R/Bayern 2001/EXT 2003 
(38)}) 12... Kh8 (12... f5 13. exf5 e4 14. fxg6 Qxg6 15. Nfd2 Nh3+ 16. Kh1
Nxf2+ 17. Bxf2 Rxf2 18. Rxe4 Nf6 19. Re3 Ng4 20. Rg3 Qh5 21. h3 Qh4 22. Rxg4
Bxg4 23. Qxg4 Qxg4 24. hxg4 b5 25. Kg1 Rf4 26. Ne3 Re8 27. Nd5 {1-0 Maki Uuro,
M-Keskinen,S/Salo 2000/EXT 2002 (27)}) (12... a5 13. a4 b6 14. dxe5 dxe5 15. b4
Bb7 16. Nfd2 axb4 17. cxb4 Ne6 18. a5 b5 19. Na3 c6 20. Nc2 Nb8 21. Nf3 Na6 22.
Ra3 f6 23. Rd3 Rd8 24. Bg3 Qf7 25. Ree3 h5 26. Rxd8 Rxd8 27. Rd3 Rxd3 28. Qxd3
Qe7 29. Nh4 Kh7 30. Qe3 Bc8 31. Qb6 Qc7 32. Qe3 Bf8 33. Qf3 Qf7 34. Qc3 Bd7 35.
Be2 Qe7 36. Qf3 Ng5 37. Qd3 Be8 38. Bxh5 gxh5 39. Nf5 Qd7 40. Qe2 Bg6 {0-1
Wengenroth,W-Bosboom,M/Germany 2001/CBM 82 ext (40)}) 13. a4 f6 14. a5 a6 15.
Bg3 Nh5 16. Ne3 Nxg3 17. hxg3 Nb8 18. Nd5 Qd8 19. Be2 Be6 20. Bc4 Nc6 {1/2-1/2
Johansen,D-Tian,K/Mingara NSW 2000/CBM 74 ext (20)}) (11... Ndf6 12. a4 Bg4 13.
dxe5 Bxf3 14. Qxf3 dxe5 15. Bf1 Qe6 16. Rad1 Rad8 17. b4 Rd7 18. Rxd7 Nxd7 19.
Na5 Nb6 20. Nxb7 Qc6 21. Nc5 Nxa4 22. Nxa4 Qxa4 23. Bc4 Nf4 24. Be7 Re8 25. Bc5
Ne6 26. h4 h5 27. Rd1 Kh7 28. Be3 a5 29. Qe2 Re7 30. bxa5 Qxa5 31. Qb2 Qa4 32.
Qb3 Qxb3 33. Bxb3 Bh6 34. Bxh6 Kxh6 35. Bxe6 Rxe6 36. Rd7 g5 37. hxg5+ Kxg5 38.
Rxf7 Rc6 39. Rf5+ Kg6 40. Rxe5 Rxc3 41. f3 c5 42. Kh2 c4 43. Rc5 Rc1 44. Kg3 c3
45. Kf4 h4 46. Rc6+ Kf7 47. Kf5 Rg1 48. Rxc3 Rxg2 49. e5 h3 50. e6+ Ke7 51.
Rc7+ Kd6 52. Rd7+ Kc6 53. Rd1 Re2 54. f4 h2 55. Kf6 Rd2 56. Rc1+ Kd6 57. e7 Kd7
58. Kf7 Re2 59. Rd1+ {1-0 Kochyev,A-Krassilnikov,E/St Petersburg 2001/CBM 82
ext (59)}) 12. Bxf6 Nhxf6 13. b4 Kg7 $146 (13... Nh7 14. Qd2 (14. a4 $5) 14...
Kg7 15. Rad1 (15. a4 $5) 15... Qe7 16. dxe5 Nxe5 17. Nfxe5 dxe5 18. Qe3 Nf6 19.
Bc2 Bd7 20. Bb3 b6 21. f4 exf4 22. Qxf4 Be6 23. e5 Nd5 24. Qg3 Qg5 25. Qxg5
hxg5 26. Rd3 a5 27. bxa5 bxa5 28. Nd2 Rfd8 29. Ne4 a4 30. Bc4 Nf4 31. Rxd8 Rxd8
32. Bxe6 Nxe6 33. Kf2 Rd5 34. Nf6 Rb5 35. g3 a3 36. Re2 Rc5 37. Re3 Rb5 38. Re2
Rc5 39. Re3 Nd8 40. Ke2 Nc6 41. Ne8+ Kf8 42. Nxc7 Nxe5 43. Na6 Ra5 44. Nb4 Ng4
45. Rd3 Re5+ 46. Kd2 Nxh2 47. c4 Nf1+ 48. Kc3 f5 49. Nc2 g4 50. Kb4 Re2 51.
Nxa3 f4 52. Rd4 f3 53. c5 Nxg3 54. c6 Nf5 55. c7 Ne7 56. Rd8+ Kg7 57. Rd7 f2
58. c8=Q f1=Q 59. Qc3+ Qf6 60. Nc2 Qxc3+ 61. Kxc3 Kf6 62. Kd3 Re6 63. Rd4 Kg5
64. Re4 Rd6+ 65. Ke2 Nf5 66. Rc4 Kh4 67. Ne1 Kh3 68. Nd3 g3 69. Nf4+ Kh2 70.
Kf3 Nd4+ 71. Kg4 g2 72. Nxg2 Kxg2 73. a4 Kf2 74. a5 Nb3 75. Rc2+ Kg1 76. Ra2
Ra6 77. Rb2 Nxa5 78. Ra2 Kf1 79. Kg5 Ke1 80. Kh6 Kd1 81. Rg2 Nc4 82. Rxg6 Rxg6+
83. Kxg6 {1/2-1/2 Westerinen,H-Short,N/Hamburg 1981/MCD (83)}) 14. a4 Nh7 15.
a5 {()} Ng5 16. Nfd2 Ne6 (16... Nf6 $5 {/\Qe7, /\Bd7}) 17. Nb3 Qe7 (17... Nf4
18. Bf1 Nf6 $14) 18. Bf1 h5 19. Ne3 Nf6 (19... c6 20. d5 $16) 20. Nd5 Qd8 (
20... Nxd5 21. exd5 Nf4 22. dxe5 dxe5 23. Qd2 $5 $14) 21. Ra2 $5 {(/\Rd2, <->d)
} c6 22. Nxf6 Qxf6 23. d5 (23. a6 b6 24. d5 cxd5 25. exd5 $14 (25. Qxd5 Nc7 26.
Qc6 Qe7 $13)) 23... cxd5 (23... Nc7 24. c4 $16) 24. exd5 (24. Qxd5 Nc7 $14 {
/\Be6}) 24... Ng5 (24... Nf4 25. c4 $14) 25. c4 h4 26. Re3 $5 {(><f3)} (26. h3)
26... Qf4 (26... h3 27. g3) 27. h3 Bd7 $2 (27... Bf5 $142 28. Qe1 $140 {(><b4)}
Rad8 $14 {><d5}) 28. Qe1 Rac8 (28... b6 29. c5 bxc5 30. bxc5 $16) 29. c5 $16 e4
(29... Rfe8 30. a6 b6 31. c6 $16) 30. a6 b6 31. c6 Bxh3 $6 (31... Bf5 32. Nd4
Qe5 33. Qc3 $16) 32. Qc3+ Kg8 33. Rxh3 Nxh3+ 34. Qxh3 $18 Rce8 35. Qe3 Qf5 36.
Bc4 g5 37. Nd4 Qg6 38. c7 Rc8 39. Nb5 f5 40. Nxa7 Rxc7 41. Nc6 f4 42. Qxb6 Rcf7
43. Ne5 1-0

[Event "Capablanca Memorial Elite 34th"]
[Site "Havana"]
[Date "1999.05.10"]
[Round "4"]
[White "Bruzon Batista, Lazaro"]
[Black "Becerra Rivero, Julio"]
[Result "1-0"]
[WhiteElo "2488"]
[BlackElo "2535"]
[Annotator "Tsesarsky,I"]
[PlyCount "129"]
[EventDate "1999.05.??"]
[EventType "tourn"]
[EventRounds "13"]
[EventCountry "CUB"]
[EventCategory "12"]
[SourceTitle "CBM 071"]
[Source "ChessBase"]
[SourceDate "1999.08.01"]
[SourceVersion "1"]
[SourceVersionDate "1999.08.01"]
[SourceQuality "1"]

{[%mdl 24672]} 1. e4 g6 2. d4 Bg7 3. c3 d6 4. Nf3 Nf6 5. Bd3 O-O 6. O-O Nc6 7.
Re1 e5 8. Na3 (8. Bg5) (8. Nbd2) 8... Bg4 9. Nc2 Nh5 (9... d5 $2 10. Bg5 (10.
exd5 Qxd5 11. c4 Bxf3 12. cxd5 Bxd1 13. dxc6 Bxc2 14. Bxc2 exd4 15. cxb7 Rab8
16. Bb3 Rxb7 17. Re7 Rd8 18. Rxf7 (18. Bg5 h6 19. Bh4 g5 20. Bg3 Nd5 $17) 18...
Rxb3 19. Rxg7+ Kxg7 20. axb3 d3 $44) 10... dxe4 11. Bxe4 exd4 12. Bxc6 bxc6 13.
Ncxd4 Qd5 14. Qa4 Bxf3 15. Nxf3 Rfe8 (15... Rab8 16. Rad1 Qb5 17. Qh4 $16 {
1-0 Mainka,R-Lau,R/Nuremberg Weilburg op 1996/EXT 96op2 (28)}) 16. Rxe8+ Nxe8
17. c4 Qd7 18. Rd1 $16 {1-0 Mainka,R-Schulz,K/Deutsche Meisterschaft sp 1996 
(72)}) 10. d5 $5 (10. Be2 Nf4 11. Bxf4 exf4 12. Qd2 g5 13. h3 Bd7 14. b4 h6 15.
Rad1 Ne7 $132 {0-1 Mainka,R-Hertneck,G/Bremen GER 1998 (58)}) 10... Ne7 11. c4
h6 (11... Nf4 12. Bf1 (12. h3 Bxf3 (12... Bh5 13. Bf1 f5 14. exf5 Bxf3 15. Qxf3
Rxf5 16. Qb3 Rb8 17. g3 $16) 13. Qxf3 Nxd3 14. Qxd3 f5 15. Bg5 $14) 12... f5
13. h3 fxe4 14. hxg4 (14. Rxe4 Nxh3+ $19) 14... exf3 15. Qxf3 (15. gxf3 Qd7 $15
) 15... Nfxd5 16. Qb3 Nf4 17. Qxb7 $132) 12. Ne3 Bd7 13. g3 Qe8 (13... f5 14.
exf5 (14. Nh4 f4 15. Nef5 gxf5 (15... fxg3 16. hxg3 gxf5 17. Qxh5 Qe8 $132) 16.
Qxh5 fxg3 17. hxg3 Be8 $132) 14... Nf6 (14... gxf5 15. Nxe5 $16) 15. Nh4 e4 16.
Bc2 gxf5 17. Rb1 (17. Bd2 Nh7) 17... Kh7 18. b4 $14) 14. c5 $6 $132 (14. Bd2 f5
15. exf5 gxf5 16. Nh4 f4 $132) (14. Nh4 $5 f5 15. exf5 gxf5 16. Neg2 Nf6 17.
Bc2 Qf7 18. Rb1 (18. b3 Ne4 19. Bb2 Ng5 $132) 18... Ne4 19. Be3 Ng5 20. f4 Nh3+
21. Kh1 $14) 14... f5 $6 $14 (14... dxc5 $1 15. Qc2 (15. Nc4 Bg4 16. Be2 f6 17.
d6 cxd6 18. Nxd6 Qb8 (18... Qd7 19. Nxe5 fxe5 20. Bxg4 $16) 19. Qb3+ Kh8 (19...
Kh7 20. Rd1 (20. Nxb7 c4 21. Qb4 Nc6 22. Qb5 Nd8 $19) 20... f5 21. Qxb7 Qxb7
22. Nxb7 Rac8 (22... fxe4 23. Ng5+ hxg5 24. Bxg4 $16) 23. exf5 Bxf5 24. Nd6 $14
) 20. Nf7+ Kh7 21. Be3 b6 22. N3g5+ fxg5 23. Bxg4 Nf6 $17 24. Bxg5 hxg5 25.
Nxg5+ Kh8 26. Nf7+ Rxf7 27. Qxf7 Qe8 $17) 15... b6 16. b4 f5 (16... cxb4 17.
Qxc7 $14) 17. Nh4 (17. bxc5 f4 18. c6 Bh3 19. Nd1 fxg3 $17) (17. Nc4 $1 Ba4 18.
Qb1 cxb4 (18... fxe4) 19. Ncxe5 a5 20. Bb2 Rd8 21. exf5 gxf5 22. Nd4 $13) 17...
f4 18. Nf1 fxg3 19. hxg3 Ba4 20. Qc4 Qf7 21. Be3 cxb4 22. Qxc7 Rfc8 $17) 15.
cxd6 cxd6 16. Nc4 Nc8 17. Nh4 (17. exf5 gxf5 18. Nd4 e4 19. Bc2 $14) 17... f4 (
17... b5 18. Na5 f4 19. g4 Nf6 20. f3 $14) 18. g4 Nf6 19. f3 h5 20. h3 Bh6 21.
Bd2 (21. Ng2 $14) 21... Bg5 (21... b5 22. Na5 Ne7 23. Rc1 $14 (23. Bb4 Qb8 24.
Rc1 Qb6+ 25. Kf1 hxg4 26. hxg4 Bg5 27. Ng2 Nxg4 28. fxg4 f3 $19)) 22. Ng2 hxg4
23. hxg4 b5 24. Na5 Qd8 25. Nc6 Qb6+ 26. Kf1 Kg7 (26... Bxg4 $2 27. fxg4 f3 28.
Bxg5 fxg2+ 29. Kxg2 Nxd5 30. exd5 Qf2+ 31. Kh1 Rf3 (31... Kg7 32. Bh6+ Kxh6 33.
Qe2 $18) 32. Re3 $18) (26... Nxg4 $2 27. fxg4 f3 28. Bxg5 (28. Ne3 Bh4 (28...
f2 29. Re2 $18) 29. Ba5 Qb7 30. Rc1 $16) 28... fxg2+ 29. Kxg2 Qf2+ 30. Kh1 Rf7
$19) 27. Ba5 Qa6 28. b4 (28. Qd2 Rh8 29. Rac1 $14) 28... Nb6 $2 $16 (28... Bxc6
29. dxc6 Qxc6 30. Rc1 Qe8 31. Rc7+ Rf7 32. Qc2 $14) 29. Ke2 $4 $17 (29. a4 $16)
29... Qb7 $2 $132 (29... Nbxd5 30. exd5 Nxd5 31. Rc1 Bxc6 32. Be4 Nxb4 $1 33.
Bxb4 Bxe4 34. Rc7+ Rf7 35. Rxf7+ Kxf7 36. fxe4 Qxa2+ 37. Kf1 Qc4+ 38. Kg1 Rd8
$17) 30. Rc1 Na4 (30... Rac8 $132 31. Kd2 (31. Bxb5 Nbxd5 $1) 31... a6 $132) (
30... Nxg4 31. Bxb5 Nf6 32. Bd3 $16) 31. Kd2 $2 $17 (31. Qc2 Nxg4 32. Rg1 Nf6
33. Ne1 Bh4 34. Kd1 Rac8 $17) (31. Kf1 Nb2 32. Qd2 Nxd3 33. Qxd3 Rac8 34. Red1
$11) 31... Rac8 $2 $132 (31... Nb2 $1 32. Qc2 Nxd3 33. Kxd3 Rh8 34. Rh1 Rxh1
35. Rxh1 Rc8 36. Rc1 Ng8 37. Qf2 a6 (37... Ne7 38. Nd8 $14) 38. Kd2 Bxc6 39.
dxc6 Rxc6 40. Ne1 (40. Rxc6 Qxc6 41. Qa7+ Be7 42. Bd8 Kf8 43. Qc7 Qxc7 44. Bxc7
Ke8 $17) 40... Rxc1 41. Kxc1 d5 42. Qc2 dxe4 43. fxe4 Nf6 44. Nf3 Nxe4 $17) 32.
Qe2 $2 $17 {[%csl Rg4][%cal Gf4f3,Gg5d2]} (32. Qb3) 32... a6 (32... Nxg4 $2 33.
Bxb5 $18) 33. Ne7 (33. Rc2 Nxg4 34. Rg1 Ne3 35. Nxe3 fxe3+ 36. Kc1 Bf4 37. Ne7
Rxc2+ 38. Bxc2 Rf6 $17) 33... Rxc1 34. Rxc1 Ne8 (34... Nb6 35. Qf2 Nc4+ 36.
Bxc4 bxc4 37. Rxc4 Nxg4 (37... Nxe4+ 38. fxe4 f3+ 39. Ne3 Bxe7 40. a4 (40. Rc7
$2 Qb5 41. Nc4 Bd8 42. Nxd6 Qa4 43. Rxd7+ Qxd7 44. Bxd8 Rxd8 45. Nc4 Qxg4 $17)
40... Rc8 41. Rxc8 Qxc8 42. Qxf3 Bxa4 $11) 38. fxg4 f3+ 39. Ne3 Bxe7 $11) 35.
Nc6 Rh8 $4 $14 (35... Bxg4 $1 36. Ne1 (36. Rc2 Rh8 $17) 36... Bd7 37. Qg2 Bh4
$17) 36. Qf2 (36. Nd8 Bxd8 37. Bxd8 Qa7 38. Ba5 $11 (38. Bh4 Qd4 $17)) 36...
Rh2 37. Qg1 Rh3 38. Ne1 Qa8 $2 $16 (38... Nb2 39. Bf1 Rh8 40. Rc2 Na4 41. Kc1
$14) 39. Rc2 Bh4 40. Qg2 Bxe1+ 41. Kxe1 Rg3 42. Qf2 (42. Qf1 g5 43. Be2 Qc8 44.
Qf2 $16) 42... Rh3 43. Bf1 Rh1 44. Qg2 Rh8 45. Qg1 Nf6 $2 $18 {The last
mistake in very complicated game - also strategy and tactic.} (45... Rh6 46.
Bd3 $16) (45... Qb7 46. Bd3 $16) 46. Bc7 Ne8 47. Nxe5 $1 dxe5 (47... Nxc7 48.
Nxd7 Qd8 49. Qd4+ Kg8 50. Nf6+ Kf7 51. g5 $18) 48. Bxe5+ Kg8 49. Bxh8 Kxh8 50.
Qh2+ (50. Rh2+ Kg8 51. Qh1 Kf7 52. Rh8 $18) 50... Kg8 51. Qxf4 Qd8 52. Kf2 (52.
e5 Qh4+ 53. Kd2 (53. Kd1 Bf5 54. Rc6 Nb2+ 55. Kc1 Nc4 $132) 53... Qf2+ 54. Be2
$18) 52... Qb6+ 53. Kg2 Qd4 54. Qg5 Kf7 (54... Qf6 55. Qxf6 Nxf6 56. g5 $18)
55. Rd2 Qf6 (55... Qxb4 56. e5 Qe7 57. e6+ $18) 56. Qe3 Qb6 57. Kf2 Bc8 58.
Qxb6 Nxb6 59. Ke3 g5 60. Kd4 Bb7 61. Rh2 Nf6 62. Bd3 Kg7 63. e5 Nbxd5 64. exf6+
Nxf6 65. f4 1-0

[Event "Ciocaltea Memorial"]
[Site "Bucharest"]
[Date "1999.03.08"]
[Round "5"]
[White "Aronian, Levon"]
[Black "Badea, Bela"]
[Result "1/2-1/2"]
[WhiteElo "2502"]
[BlackElo "2479"]
[Annotator "Tsesarsky,I"]
[PlyCount "110"]
[EventDate "1999.03.04"]
[EventType "tourn"]
[EventRounds "13"]
[EventCountry "ROU"]
[EventCategory "10"]
[SourceTitle "CBM 070"]
[Source "ChessBase"]
[SourceDate "1999.06.08"]
[SourceVersion "1"]
[SourceVersionDate "1999.06.08"]
[SourceQuality "1"]

{[%mdl 560]} 1. e4 g6 2. Nf3 Bg7 3. d4 d6 4. Bd3 Nf6 5. O-O O-O 6. c3 Nc6 7.
Nbd2 e5 8. Re1 Nd7 9. Nb3 (9. d5 Ne7 10. c4 f5 11. b4 $132 {[%csl Gd2]}) 9...
Qe7 (9... a5 10. a4 (10. Bg5 f6 11. Be3 Qe8 12. Qc2 Kh8 13. a3 Ne7 14. dxe5
fxe5 15. Nbd2 Nf6 $11 {0-1 Heissler,J-Lorenz,S/BL2N 1990 (45)}) 10... exd4 (
10... Nb6 11. Bg5 Qe8 12. Qd2 Bg4 13. Be2 exd4 14. Nfxd4 Nxd4 15. Nxd4 Bxe2 16.
Qxe2 {1/2-1/2 Urban,J-Vadasz,L/Budapest "Expressz" 1993 (16)}) 11. cxd4 (11.
Nfxd4 Nce5 12. Bc2 c5 13. Nb5 c4 14. N3d4 Nc5 15. Qe2 Ned3 16. Bxd3 Nxd3 17.
Rd1 Re8 $132 {0-1 Binkert,O-Jurlina,R/Heidelberg U20 ,GER 1989 (67)}) 11... Nb4
12. Bb1 Nb6 13. Bd2 Bd7 14. Nxa5 Rxa5 15. Bxb4 Rxa4 16. Rxa4 Bxa4 $132 {
1/2-1/2 Ionov,S-McNab,C/op, Cappelle La Grande 1996 (24)}) (9... exd4 10. cxd4
a5 11. Bg5 (11. a4 Nb4 12. Bb1 Nb6 {Like in the game Ionov-McNab.}) 11... Bf6
12. Bh6 Re8 13. a4 Nb4 14. Bf1 Nb6 15. h3 Bd7 16. Nbd2 Bg7 17. Bg5 Qc8 18. Nc4
Nxc4 19. Bxc4 c6 20. Rc1 $14 {1-0 Aseev,K-Hickl,J/Munchen 1991/Inf 54/(51)}) (
9... h6 10. Bb5 Ne7 11. dxe5 dxe5 12. Be3 a6 13. Bf1 Nc6 14. Qc2 Qe7 15. Rad1
Nd8 16. Nfd2 a5 17. a4 Ne6 $132 {0-1 Frois,A-McNab Colin A/Cappelle la Grande
1993 (50)}) (9... Kh8 10. Qc2 a5 11. a4 exd4 12. Nbxd4 Nce5 13. Bf1 Nc5 14. Be3
Ng4 15. Bf4 $11) 10. Bg5 f6 (10... Bf6 11. Be3 (11. Bh6 Bg7 $11) 11... Bg7 $11)
11. Bh4 (11. Be3 Nd8 12. Qd2 Nf7 13. c4 $14 {1-0 Votava,J-Kveinys,A/Prague (5)
1993/[Stohl] (69)}) 11... Nd8 12. Nbd2 Ne6 13. Bg3 Bh6 14. Nc4 Nb6 15. Ne3 Nf4
16. Bc2 Nh5 17. Bh4 Kh8 18. a4 a5 19. b4 Bxe3 20. fxe3 (20. Rxe3 g5 (20... axb4
21. cxb4 g5 22. a5 (22. Bg3 Nxg3 23. hxg3 Bg4 24. a5 $14) (22. Nd2 exd4 23.
Rea3 Qe8 $15) 22... Nd7 (22... gxh4 23. axb6 Rxa1 24. Qxa1 h3 (24... cxb6 25.
Nxh4 $16) 25. g3 (25. bxc7 hxg2 26. Rc3 Nf4 $17) 25... cxb6 26. Ra3 $14) 23.
Bg3 Nxg3 24. hxg3 $14) 21. Nd2 gxh4 22. Qxh5 axb4 23. cxb4 exd4 24. Rea3 $1 f5
25. a5 $1 (25. exf5 Nd5 $132) 25... Nd7 26. exf5 Ne5 27. Re1 Qf6 28. Rh3 Bxf5
29. Bxf5 Qxf5 30. Qxh4 $132) 20... Ng7 (20... Be6 $132) 21. Rf1 g5 (21... Be6
$132) 22. Be1 (22. Bg3 Be6 23. b5 Bc4 24. Re1 Rad8 {[%cal Gd6d5]} 25. Nd2 f5 $1
26. Nxc4 Nxc4 27. Qd3 Nxe3 28. Rxe3 f4 29. Rf3 fxg3 30. Rxf8+ Rxf8 31. Qxg3
$132) 22... Bg4 (22... Be6 $132) 23. Qd3 Be6 24. Nd2 Qf7 (24... axb4 25. cxb4
f5 $132) 25. Bg3 Nd7 26. d5 (26. b5 Qg6 27. c4 f5 $132) 26... Bg4 27. Nb3 (27.
h3 Bh5 28. Nc4 axb4 29. cxb4 Bg6 30. a5 Qe7 $11 (30... f5 31. exf5 $18)) 27...
axb4 (27... Qh5 28. Qb5 Nb6 29. bxa5 Be2 30. Bd3 Bxf1 31. Rxf1 Nc8 32. Qxb7 $16
) 28. cxb4 Qe7 $6 $14 (28... Qh5 29. Rf2 f5 $132) 29. Na5 (29. h3 Bh5 30. a5
Bg6 $11 {[%cal Gf6f5]}) 29... Rab8 30. Bb3 (30. h3 Bh5 31. Rac1 Bg6 (31... Nb6
32. Nc4 Nxc4 33. Qxc4 Bg6 34. Bd3 c6 35. dxc6 bxc6 36. Be1 Rfc8 37. b5 $16) 32.
Bb3 Nb6 33. Nc4 Nxc4 34. Qxc4 Rbc8 35. a5 f5 $132) 30... f5 31. exf5 (31. h3
fxe4 32. Qxe4 Bf5 33. Qc4 Nb6 $11) 31... Bxf5 32. e4 Bg6 33. Rxf8+ Qxf8 34. Qe3
(34. Rf1 Qe7 $11 {[%cal Gg7h5,Gh5f4]}) 34... Qd8 35. Rc1 Ne8 36. Nc4 h6 37. a5
Ra8 38. Ba4 (38. Bc2 $14) 38... Ndf6 39. Bxe5 $6 $132 (39. Nxe5 $2 dxe5 40.
Bxe5 Kh7 $15) (39. Bc2 Qd7 40. Bd3 (40. Nd2 Qh7 41. Qd3 Nh5 42. Bf2 Nf4 43. Qb5
Rd8 44. Re1 $14 (44. Qxb7 Ne2+ $19)) 40... Qh7 41. Nd2 Nxd5 $17) 39... dxe5 40.
Nxe5 Bh5 (40... Kg7 41. Nxg6 Kxg6 42. e5 Nxd5 (42... Qxd5 43. exf6 Nxf6 44.
Rxc7 $18) 43. Bxe8+ Qxe8 44. Qe4+ Kg7 45. Qxd5 $18) 41. g4 (41. h4 Nd6 42. hxg5
Nfxe4 43. gxh6 Qf6 $132) 41... Nxg4 (41... Qe7 42. Qc3 Bf7 43. Rf1 $18) 42.
Nxg4 Bxg4 43. Bxe8 Qxe8 44. Qd4+ Kg8 45. Rxc7 Bd7 (45... Qg6 46. Rxb7 Rf8 {
[%cal Gg4h3]} 47. Qc3 Bf3 48. d6 Bxe4 49. Qc4+ Kh8 50. Qc3+ Kg8 51. Qc4+ $11)
46. d6 $4 $19 {[%csl Ge6]} (46. e5 $1 Rc8 47. Qb6 (47. Rxc8 Qxc8 48. e6 Bb5 49.
Qf2 Qc7 50. Qf6 (50. Qc5 Qxc5+ 51. bxc5 Kf8 52. d6 h5 53. Kf2 Bc4 54. e7+ Kf7
55. Ke3 Bb5 56. Ke4 Ke6 57. Kd4 g4 58. Ke4 Bc6+ 59. Kd4 Kf5 $19) 50... Qc1+ 51.
Kg2 Qd2+ 52. Kg3 Qe3+ 53. Kg2 $11) 47... Rxc7 48. Qxc7 Bh3 49. e6 Qf8 50. Qc4
Qf3 51. Qc8+ Kg7 52. Qxb7+ Kg6 53. Qf7+ Qxf7 54. exf7 Kxf7 55. a6 Bc8 56. b5
Ke7 $19) 46... Rc8 $4 (46... Qe6 47. e5 (47. Rxb7 Qg4+ 48. Kh1 Rf8 $19) 47...
Rf8 48. Qc4 Qxc4 49. Rxc4 Bh3 50. Rc1 Kf7 51. Kf2 Ke6+ $19) 47. Qd5+ Kh8 48.
Qxb7 Qe6 49. Rxc8+ Bxc8 50. Qc6 (50. Qd5 Qg4+ 51. Kf2 Qf4+ 52. Ke2 Qxh2+ 53.
Kd3 Kg7 $132) 50... Bd7 51. Qc3+ Kg8 52. Qd3 Qg4+ 53. Kf1 Qf4+ 54. Kg2 Kh7 55.
b5 Qg4+ (55... Qg4+ 56. Kf2 Qf4+ 57. Kg2 (57. Ke1 $2 Qc1+ 58. Ke2 (58. Kf2 Qc5+
59. Kf3 Bxb5 $17) 58... Qb2+ 59. Ke3 Bxb5 60. Qd2 Qa3+ 61. Kf2 Qh3 $19) 57...
Qg4+ $11) 1/2-1/2